000 004760000a22001930004500
999 _c47289
_d47289
001 29
003 CO-MdFUSB
005 20170719154547.0
008 170607b xxu||||| |||| 00| 0 eng d
020 _a958-04-7967-4
040 _cCO-MdBIC
082 0 4 _a863C B862di
100 1 _aKasza, Keiko
245 1 0 _aMi dia de Suerte / Keiko Kasza, Traducción : Cristina Puerta
260 _aBogota : Norma
300 _a[ 32 P.]
650 1 4 _aLiteratura infantil
942 _cLGB